000 00489nam a2200193Ia 4500
005 20250808122327.0
008 008 250516s9999 xx 000 0 hin d
020 _a9788186863442
040 _beng
_cSDCL
041 _ahin
_2hin
084 _aO15,6AD R4
100 _aMishra, Pankaj Kumar
_9183082
245 0 _aAshu Tosh
246 _aआशु तोष
260 _aNew Delhi:
_bIndu Prakashan,
_c2024.
300 _aix,294p.
650 _aSanskrit
942 _cTEXL
_2CC
999 _c1430151
_d1430151